| 000 | 00806nas a2200277 4500 | ||
|---|---|---|---|
| 001 | BR0404293 | ||
| 003 | BR-BrBNA | ||
| 005 | 20231205104756.0 | ||
| 007 | ta | ||
| 008 | 230509b bl.|||p| |||| 00| 00por d | ||
| 040 |
_aBR-BrBNA _bpor _cBiblioteca Nacional de Agricultura |
||
| 041 | _a(Pt) | ||
| 072 | _aL53 | ||
| 100 | 1 | _aCosta, D.S. | |
| 100 | 1 | _aHenry, M. | |
| 100 | 1 | _aPaula, T.A.R. | |
| 245 | 1 | _aEspermatogênese de catetos (Tayassu tajacu) | |
| 650 | _aPORCO SELVAGEM | ||
| 650 | _aESPERMATOGÊNESE | ||
| 650 | _aTESTÍCULO | ||
| 650 | _aABATEDOURO | ||
| 650 | _aRENDIMENTO | ||
| 773 | 0 |
_tArquivo Brasileiro de Medicina Veterinária e Zootecnia (Brazil) _xISSN 0102-0935 _g(Feb 2004), v. 56(1) p. 46-51 _wBR0404293 |
|
| 909 |
_a202311 _bLúcia _c55 _dLúcia Elande |
||
| 942 |
_2AGRIS _n0 _cANA |
||
| 999 |
_c179649 _d179649 |
||